Vai trò thống kê Khoa học và Công nghệ phục vụ phát triển kinh tế - xã hội tỉnh Đồng Nai

Kaydedildi:
Detaylı Bibliyografya
Yazar: Nguyễn, Thành Chín
Materyal Türü: Kitap
Dil:Undetermined
Konular:
Online Erişim:http://lrc.tdmu.edu.vn/opac/search/detail.asp?aID=2&ID=23744
Etiketler: Etiketle
Etiket eklenmemiş, İlk siz ekleyin!
Thư viện lưu trữ: Trung tâm Học liệu Trường Đại học Thủ Dầu Một
LEADER 00696nam a2200145Ia 4500
001 TDMU_23744
008 210410s9999 xx 000 0 und d
082 |a 330.015195 
100 |a Nguyễn, Thành Chín 
245 0 |a Vai trò thống kê Khoa học và Công nghệ phục vụ phát triển kinh tế - xã hội tỉnh Đồng Nai 
245 0 |c Nguyễn Thành Chín 
300 |a Tr.16-18 
650 |a Đồng Nai; Thống kê Khoa học và Công nghệ ; Phát triển kinh tế - xã hội ; Kinh tế  
856 |u http://lrc.tdmu.edu.vn/opac/search/detail.asp?aID=2&ID=23744 
980 |a Trung tâm Học liệu Trường Đại học Thủ Dầu Một